| 000 | 006390000a22001210004500 | ||
|---|---|---|---|
| 001 | 14085 | ||
| 041 | 0 | _aSPA | |
| 082 | 0 | 4 | _aAV 0215 |
| 245 | 1 | 0 | _aPágina abierta : Revista evangélica de información literaria / David Muniesa, Director |
| 300 | _a29 Pág. | ||
| 505 | 0 | 0 | _a- El idioma español cumple mil años. Santamaría, Darío A. - La biblioteca del pastor. Vila, Samuel - El libro y su mundo : Instrumento poderoso del Espíritu Santo. Ecklebarger, David - O la parábola de la vieja encina. Vila, Samuel - La Escritura y su evolución a través de los tiempos. Vila, Eliseo En torno al libro. Santamaría, Darío A. |
| 942 | _cBK | ||
| 999 |
_c42998 _d42998 |
||